000 00632nam a2200217 i 4500
001 bg
100 1 _aWACKERNAGEL, Hans
245 1 0 _aMultivariate geostatistics ; an introduction with applications /
_cHans Wackernagel.
250 _a2nd compl. rev. ed.
260 _aBerlin [et al.] :
_bSpringer,
_c1998.
300 _aXIV, 291 s. :
_bwykr. ;
_c24 cm.
504 _aBibliogr. s.264-283.
650 9 _aStatystyka matematyczna
_xstosowanie
_xgeologia
020 _a354064721X
040 _cBPK
041 0 _aen
080 _a519.2:550
920 _a3-540-64721-X
942 _cKS
008 s pl f |000 0 pol
999 _c33682
_d33682
856 _uhttp://koha.tu.koszalin.pl/cgi-bin/koha/opac-detail.pl?biblionumber=33682
_yKatalog online BPK